Hardcore General Knowledge #2 - Statistics

General Stats
  • This quiz has been taken 85 times
  • The average score is 2 of 15
Answer Stats
Hint Answer % Correct
The Titanic was thought to be unsinkable because it contained watertight compartments that could be sealed to contain flooding. How many of these compartments did it have? 16
74%
Columbus "discovered" the Americas in 1492. In which year was he arrested? 1500
40%
"Antidisestablishmentarianism" is one of the longest words in the English language. It refers specifically to opposition to the disestablishment of what organization? Church of England
29%
Correctly spell the radioactive 43rd element of the periodic table. Technetium
21%
What was the first nation to democratically elect a female head of government, in 1960? Ceylon
16%
Centigrade was once used as the name of the Celsius scale, but is no longer in common usage because it conflicts with another unit of the same name. What do centigrades measure? Angles
11%
What was the first ever company to obtain a market worth of USD 1 billion? United States Steel
5%
Although the Greek alphabet only contains 24 letters, there are several additional letters that were never in common usage. Ϝ (or ϝ) is one of them. What is its name? Digamma / Wau
4%
Although most of the world's highest mountains are in Asia, the world's highest volcano is not. Which volcano is this? Ojos del Salado
4%
The Spitfire is perhaps the most famous aircraft of WWII, but only around half as many Spitfires were produced as the most-produced aircraft of the war. Which plane was that? Ilyushin Il-2
3%
Which major organization created the Arctic Code Vault in 2020 by putting a copy of all the public code on its servers in the Arctic World Archive? GitHub
1%
What is the only spacecraft ever to have landed or crashed on Mercury? MESSENGER
1%
What is the most-taken quiz on JetPunk that has never been featured? Countries that Start with O
0%
Who was the President of the Second Republic of Rwanda? Juvénal Habyarimana
0%
What was the first book to be given an ISBN number? The Adventures of Tom Sawyer
0%
No matching quizzes found
Score Distribution
Percent of People with Each Score
Percentile by Number Answered
Your Score History
You have not taken this quiz